20 Biggest Cities in Indiana - Statistics

General Stats
  • This quiz has been taken 63 times
  • The average score is 13 of 20
Answer Stats
Hint Answer % Correct
876,665 Indianapolis
100%
271,865 Fort Wayne
92%
67,199 Gary
90%
103,126 South Bend
88%
114,651 Evansville
84%
103,093 Carmel
78%
78,761 Bloomington
71%
71,372 Lafayette
71%
58,536 Terre Haute
71%
105,631 Fishers
67%
65,072 Muncie
65%
75,669 Hammond
61%
75,170 Noblesville
57%
59,995 Kokomo
53%
53,356 Elkhart
47%
55,354 Anderson
41%
67,067 Greenwood
39%
51,791 Jeffersonville
33%
51,862 Columbus
31%
61,323 Westfield
31%
No matching quizzes found
Score Distribution
Percent of People with Each Score
Percentile by Number Answered
Your Score History
You have not taken this quiz